000 00338nam a2200145Ia 4500
008 220216s9999 xx 000 0 und d
100 _aLeong T T
245 0 _aPotentials of puncture tapping
260 _bPlanter
_c1977
300 _a297-307
650 _aPuncture tapping
700 _aRavoof A A
700 _aTan H T
942 _cJS
999 _c65408
_d65408